000 01662nam a2200481 i 4500
001 17482
003 KOSZ 005
005 20191028123538.0
008 020718s1977 pl f |001 0 pol
015 _aPB 1978/2159
035 _a991018978039705066
035 _a(PL-WaBN)b15141287-48omnis_nlop
035 _ab15141287
035 _a(OCoLC)830330551
035 _a(PL)b0000001514128
035 _a(EXLNZ-48OMNIS_NETWORK)9910041549705606
040 _aWA N
_cWA N
_dKOSZ 005/EG
041 0 _apolengfregerrus
046 _k1977
080 _a620.1
080 _a669
080 _a(038)=00
100 1 _aTyrkiel, Eugeniusz
_d(1919-2010)
_eAutor
245 1 0 _aDictionary of physical metallurgy =
_bSłownik terminologii metaloznawstwa angielsko-niemiecko-francusko-polsko-rosyjski = English-German-French-Polish-Russian /
_cEugeniusz F. Tyrkiel.
260 _aWarszawa :
_bWydawnictwa Naukowo-Techniczne,
_c1977.
300 _aVII, [5], 401, [3] s. ;
_c25 cm.
336 _2rdacontent
_aTekst
_btxt
337 _2rdamedia
_aBez urządzenia pośredniczącego
_bn
338 _2rdacarrier
_aWolumin
_bnc
380 _aKsiążki
388 _a1901-2000
388 _a1945-1989
504 _aIndeksy.
650 7 _aHutnictwo
_2DBN
650 7 _aTerminologia
655 7 _aSłownik terminologiczny
_2DBN
655 7 _aSłownik wielojęzyczny
_2DBN
658 _aInżynieria i technika
710 2 _aWydawnictwa Naukowo-Techniczne
_4pbl
856 _uhttp://koha.tu.koszalin.pl/cgi-bin/koha/opac-detail.pl?biblionumber=17482
_yKatalog online BPK
942 _2UKD
_cKS
999 _c17482
_d17482